000 00603nam a2200181Ia 4500
008 090124s9999 xx 000 0 und d
082 _b113672
100 _aभावे पु. भा. (पुरुषोत्तम भास्कर)
245 _a व्याध
250 _a1
260 _c1970
300 _a132
600 _aभावे पु. भा. (पुरुषोत्तम भास्कर)
630 _a व्याध
700 _aभावे पु. भा. (पुरुषोत्तम भास्कर)
730 _a व्याध
942 _cBOOK
999 _c159763
_d159763